|
|
|
|
| LEADER |
00000nab a2200000 a 4500 |
| 001 |
vtls000914426 |
| 003 |
SK-MaSNL |
| 005 |
20260302174013.0 |
| 008 |
190318e19910523xo 0 slo |
| 035 |
|
|
|a KE23318
|
| 040 |
|
|
|a KEVKJB
|b slo
|c KEVKJB
|e AACR2
|
| 041 |
0 |
|
|a slo
|
| 044 |
|
|
|a xo
|c SK
|
| 080 |
|
|
|a 796.323
|2 1981
|
| 100 |
0 |
|
|a /ma/
|4 aut
|9 882962
|
| 245 |
1 |
0 |
|a Po ľadovej sprche radosť z postupu
|b Basketbalistky Cassovie Košice v prvej lige
|
| 610 |
2 |
7 |
|a TJ Cassovia Košice
|2 KEVKJB
|9 108928
|
| 650 |
0 |
7 |
|a sezóna 1990/1991
|2 KEVKJB
|9 882944
|
| 650 |
0 |
7 |
|a postup
|2 KEVKJB
|9 758550
|
| 650 |
0 |
7 |
|a riporty
|2 KEVKJB
|9 877366
|
| 650 |
0 |
7 |
|a basketbal
|2 KEVKJB
|9 3290
|
| 651 |
|
7 |
|a KE,
|2 KEVKJB
|9 877256
|
| 655 |
|
7 |
|a periodikum
|2 snkbucl
|9 29553
|
| 710 |
2 |
|
|a TJ Cassovia Košice
|4 aut
|9 108928
|
| 773 |
0 |
8 |
|t Slovenský východ
|g Roč. 1
|g Roč. 20, č.119, 23.5.1991, s. 6
|
| 852 |
|
|
|a ZVYKNI
|b KIS3GCP
|
| 999 |
|
|
|c 1402827
|d 1404757
|